00326nam a2200109Ia 4500008004100000041001200041100001800053245011300071260000600184650000600190700002000196221030s9999 xx 000 0 und d aEnglish aW. H. Tranter 0aPrinciples of Communication Systems Simulation with Wireless Applicationscby W. H. Tranter, K. S. Shanmugan c0 aB aK. S. Shanmugan